| 000 | 00567cam a22001691 4500 | ||
|---|---|---|---|
| 001 | 000001019 | ||
| 005 | 20200929145452.0 | ||
| 008 | 870522m19321933fr c 000 0 fre c | ||
| 040 |
_aDO-SdBNP _bspa _cBNPHU |
||
| 082 |
_axx _bxx |
||
| 100 | 1 |
_aRenault, Louis, _d1843-1918. _93536 |
|
| 245 | 1 | 2 |
_aL'uvre internationale de Louis Renault (1843-1918) : _bIn memoriam. |
| 260 |
_aParis : _bLes Editions internationales, _c1932. |
||
| 300 |
_a750 p. : _bil. ; _c25 cm. |
||
| 500 | _aPreface signed: A. de La Pradelle. | ||
| 700 | 1 |
_aLapradelle, Albert Geouffre de, _d1871-1955. _93537 |
|
| 999 |
_c998 _d998 |
||